000 00291nam a22001217a 4500
008 180921b xxu||||| |||| 00| 0 eng d
041 _aeng
080 _a616.9
100 _a8
101 _aINF
245 _aInfectious Disease Of The Female Gential Tract
_cSweet.R.L
942 _2udc
_cBK
999 _c48158
_d48158